La autoevaluación del profesor : (Record no. 86385)
[ view plain ]
| 000 -CABECERA | |
|---|---|
| campo de control de longitud fija | 00811nam a22002413a 4500 |
| 005 - FECHA Y HORA DE LA ÚLTIMA TRANSACCIÓN | |
| campo de control | 20260415064207.0 |
| 008 - ELEMENTOS DE LONGITUD FIJA--INFORMACIÓN GENERAL | |
| campo de control de longitud fija | 011003s1996 mx fr 000 0 spa d |
| 020 ## - NÚMERO INTERNACIONAL NORMALIZADO PARA LIBROS | |
| Número Internacional Estándar del Libro | 8433106295 |
| 035 ## - NÚMERO DE CONTROL DEL SISTEMA | |
| Número de control de sistema | UPN01000112477 |
| 049 ## - COLECCIÓN | |
| Colección | CG |
| 050 #4 - SIGNATURA TOPOGRÁFICA DE LA BIBLIOTECA DEL CONGRESO | |
| Número de clasificación | LB2838 |
| Número de documento/Ítem | N5.2 1996 |
| 100 1# - ASIENTO PRINCIPAL--NOMBRE PERSONAL | |
| Nombre de persona | Nieto Gil, Jesús María |
| 9 (RLIN) | 29742 |
| 245 13 - MENCIÓN DE TÍTULO | |
| Título | La autoevaluación del profesor : |
| Resto del título | cómo puede el profesor evaluar y mejorar su práctica docente / |
| Mención de responsabilidad, etc. | Jesús M. Nieto Gil. |
| 250 ## - MENCIÓN DE EDICIÓN | |
| Mención de edición | 2a. ed. actualizada. |
| 260 ## - PUBLICACIÓN, DISTRIBUCIÓN, ETC. | |
| Lugar de publicación, distribución, etc. | Madrid : |
| Nombre del editor, distribuidor, etc. | Escuela española, |
| Fecha de publicación, distribución, etc. | 1996. |
| 300 ## - DESCRIPCIÓN FÍSICA | |
| Extensión | 114 p. |
| 440 #0 - MENCIÓN DE SERIE/ASIENTO SECUNDARIO--TÍTULO | |
| Título | Educación al día |
| 590 ## - NOTA LOCAL (RLIN) | |
| Nota local | (También localizas un ejemplar en el "Area de Reserva") |
| 590 ## - NOTA LOCAL (RLIN) | |
| Nota local | Bibliografía Básica (BGTQ) |
| 650 #4 - ASIENTO SECUNDARIO DE MATERIA - TERMINO TEMATICO | |
| Término de materia o nombre geográfico como elemento de entrada | Evaluación del docente |
| 9 (RLIN) | 5198 |
| 650 #4 - ASIENTO SECUNDARIO DE MATERIA - TERMINO TEMATICO | |
| Término de materia o nombre geográfico como elemento de entrada | Evaluación educativa |
| 9 (RLIN) | 4298 |
| 905 ## - TIPO DE MATERIAL | |
| Tipo de material | Libro |
| Estado de retiro | Estado de pérdida | Fuente del sistema de clasificación o colocación | Estado dañado | No para préstamo | Código de colección | Localización permanente | Ubicación/localización actual | Ubicación en estantería | Total de préstamos | Clasificación | Código de barras | Fecha visto por última vez | Número de copia | Tipo de ítem Koha | Restricciones de uso | Fecha de adquisición | Fecha del último préstamo | Renovaciones totales |
|---|---|---|---|---|---|---|---|---|---|---|---|---|---|---|---|---|---|---|
| Library of Congress Classification | Colección General | Bib. Gregorio Torres Quintero | Bib. Gregorio Torres Quintero | Planta baja | 31 | LB2838 N5.2 1996 | 170984 | 31/12/2020 | 1 | Libro | ||||||||
| Library of Congress Classification | Colección General | Bib. Gregorio Torres Quintero | Bib. Gregorio Torres Quintero | Planta baja | 30 | LB2838 N5.2 1996 | 170986 | 31/12/2020 | 1 | Libro | ||||||||
| Library of Congress Classification | Bibliografía básica | Bib. Gregorio Torres Quintero | Bib. Gregorio Torres Quintero | Colecciones especiales Planta alta | 2 | LB2838 N5.2 1996 | 181543 | 31/12/2020 | 1 | Libro por horas | Préstamo por horas | 30/01/2023 | ||||||
| Library of Congress Classification | Colección General | Bib. Gregorio Torres Quintero | Bib. Gregorio Torres Quintero | Planta baja | 29 | LB2838 N5.2 1996 | 170985 | 29/05/2024 | 1 | Libro | 15/03/2024 | 23/05/2024 | ||||||
| Library of Congress Classification | Colección General | Bib. Gregorio Torres Quintero | Bib. Gregorio Torres Quintero | Planta baja | 28 | LB2838 N5.2 1996 | 191235 | 27/09/2024 | 1 | Libro | 25/02/2022 | 28/08/2024 | 2 |
